000 00488nam a2200169 a 4500
001 BRCA_9123
005 20190320210528.0
008 051017s1668----sp-#######---#000-0#spa-#
041 _aspa
084 _aBE76
_b.Q37 1668
245 1 0 _aQuaresma (sin portada)
_c1668
300 _a538 p. (t.2)
_c21.5 x 15 cm
500 _aEstado físico: presenta encuadernación en pergamino con cintas rotas y presencia del pez de plata
650 1 4 _aCuaresma
_921672
902 _aCFM
942 _2lcc
_cB
999 _c8771
_d8771